Estatísticas para Cultura Geral

Clique aqui para jogar o quiz

Estatísticas Gerais

  • Esse quiz foi jogado 23 vezes
  • A pontuação média é 9 de 15

Estatísticas das Respostas

HintResposta% Correto
Qual é o masculino de galinha?Galo
95%
Qual é a palavra em espanhol para "irmão"?Hermano
95%
De que produto é feita a manteiga?Leite
85%
De que árvore vem o caju?Cajueiro
80%
Que árvore dá a amêndoa?Amendoeira
75%
Em que continente surgiu o espinafre?Ásia
75%
Uma Belieber é fã de quem?Justin Bieber
75%
De que cor é o pistache?Verde
70%
Que vegetal se diz que faz bem á visão?Cenoura
60%
Que ex-jogador de basquete é apelidado de "His Airness"?Michael Jordan
40%
Além da França, qual país leva o crédito por inventar batatas fritas?Bélgica
35%
Qual país do Himalaia mede a Felicidade Nacional Bruta?Butão
35%
De que país vem o arroz Basmati?Índia
35%
Que empresa tem o símbolo MSFT?Microsoft
30%
De que país é típico o Palau?Afeganistão
0%

Distribuição das Pontuações

Percentil de Números Respondidos

Porcentagem de Pessoas com Cada Pontuação

Sua Pontuação Histórica

Você não jogou esse quiz